Elbe, Rhein ... oder Donau? - Statistiken

Allgemein
  • Dieses Quiz wurde 81 mal gespielt
  • Das Durchschnittsergebnis liegt bei 13 aus 15
Antwortstatistiken
Frage Antwort % Korrekt
Fließt durch einen deutschen Stadtstaat. Elbe
100%
Hat die längste Gesamtlänge. Donau
99%
Fließt durch die Dreiflüssestadt Passau. Donau
97%
Überquert die ehemalige innerdeutsche Grenze. Elbe
96%
Nebenflüsse sind zu Beispiel Saale und Havel. Elbe
94%
Mündet nicht in die Nordsee. Donau
93%
Fließt am sogenannten "Deutschen Eck" vorbei. Rhein
90%
Auf dem Grund dieses Flusses soll der Nibelungenschatz liegen. Rhein
90%
Entspringt in Deutschland. Donau
88%
Wird von der Hohenzollernbrücke überspannt. Rhein
81%
Gibt neun deutschen Landkreisen ihren Namen. Rhein
81%
Wird im Englischen gleich geschrieben wie im Deutschen. Elbe
75%
Fließt an der höchsten Kirche der Welt vorbei. Donau
71%
Zählt zu den meistbefahrenen Wasserstraßen der Welt. Rhein
71%
Berührt die meisten deutschen Bundesländer. Elbe
67%
Keine übereinstimmenden Quizze gefunden
Verteilung der Resultate
Anzahl Personen mit jedem Resultat
Perzentil nach korrekt beantworteten Fragen
Ihre Resultats-Entwicklung
Sie haben dieses Quiz noch nicht gespielt